00314nam a2200121Ia 4500008004100000041000800041100001100049245004400060260002400104300000900128520002500137650003000162230818s1993 xx 000 0 und d aeng aFoster aOperations , Methodes and cost controls bMc. Graw Hellc1993 a238p aGeneral | Hard Board aFood and Beverage service